| 000 | 01561cam a22002894a 4500 | ||
|---|---|---|---|
| 999 |
_c129342 _d129342 |
||
| 001 | 14767669 | ||
| 003 | ARRUPE | ||
| 005 | 20190401102617.0 | ||
| 008 | 070313s2008 enk b 001 0 eng | ||
| 010 | _a 2007010337 | ||
| 020 | _a9780415395618 (hardcover) | ||
| 020 | _a9780415395625 (pbk.) | ||
| 040 |
_aDLC _cDLC _dDLC |
||
| 050 | 0 | 0 |
_aBF713 _b.B87 2008 |
| 082 | 0 | 0 |
_a155 _222 |
| 100 | 1 |
_aBurman, Erica. _945661 |
|
| 245 | 1 | 0 |
_aDeconstructing developmental psychology / _cErica Burman. |
| 250 | _a2nd ed. | ||
| 260 |
_aLondon ; _aNew York : _bRoutledge, _c2008. |
||
| 300 |
_ax, 356 p. ; _c25 cm. |
||
| 504 | _aIncludes bibliographical references 9p. [305]-342) and indexes. | ||
| 505 | 0 | _aOrigins -- Researching infancy -- Attributing sociality -- Discourses of the child -- Models and muddles : dilemmas of childhood -- Familiar assumptions -- Bonds of love, dilemmas of attachment -- Involving fathers -- Language talk -- Discourses of caregiving talk -- Language and power in developmental research -- Piaget, Vygotsky, and developmental psychology -- Child-centred education : shifts and continuities -- Morality and the goals of development. | |
| 650 | 0 |
_aDevelopmental psychology. _928061 |
|
| 856 | 4 | 1 |
_3Table of contents only _uhttp://www.loc.gov/catdir/toc/ecip0713/2007010337.html |
| 906 |
_a7 _bcbc _corignew _d1 _eecip _f20 _gy-gencatlg |
||
| 942 |
_2lcc _cMONOGRAPH |
||